Reliefs égyptiens du Nouvel Empire /

Saved in:

Main Author: Delange, Elisabeth.

Format: Book

Language: French

Published: Paris : Kheops, [2019].

Subjects:

Tags: Add Tag

No Tags, Be the first to tag this record!

Call Number: DT59 .P25 D44 2019

LEADER 01057nam a22002897a 4500
003 OSt
005 20260511063327.0
008 251210t20192019fr ab b 001 0 fre d
020 |a 9782916142135 
020 |a 2916142134 
035 |a (OCoLC)1089594117 
040 |c ARCE Library 
050 4 |a DT59 .P25 D44 2019 
100 1 |a Delange, Elisabeth. 
245 1 0 |a Reliefs égyptiens du Nouvel Empire /  |c Elisabeth Delange.  |h   
246 1 |i subtitle on cover:  |a Musée du Louvre-Département des antiquités égyptiennes. 
264 1 |a Paris :  |b Kheops,  |c [2019]. 
264 4 |c ©2019. 
300 |a 526 pages :  |b illustrations (some color), map ;  |c 28 cm. 
504 |a Includes bibliographical references (pages 465-525) and index. 
610 2 0 |a Musée du Louvre.  |b Département des antiquités égyptiennes  |v Catalogs. 
650 0 |a Relief (Sculpture), Ancient  |z Egypt  |v Catalogs. 
650 0 |a Relief (Sculpture), Egyptian  |z France  |v Catalogs. 
650 0 |a Architectural inscriptions  |z Egypt  |v Catalogs. 
901 |a reviewed 
942 |2 lcc  |c BK 
999 |c 61669  |d 61669